Capitals of Brazilian states - Statistics

General Stats
  • This quiz has been taken 230 times
  • The average score is 19 of 27
Answer Stats
Hint Answer % Correct
São Paulo São Paulo
100%
Rio de Janeiro Rio de Janeiro
98%
Amazonas Manaus
96%
Distrito Federal Brasília
94%
Bahia Salvador
93%
Minas Gerais Belo Horizonte
88%
Rio Grande do Sul Porto Alegre
84%
Ceará Fortaleza
83%
Pernambuco Recife
82%
Pará Belém
78%
Paraná Curitiba
77%
Santa Catarina Florianópolis
74%
Goiás Goiânia
73%
Rio Grande do Norte Natal
68%
Espírito Santo Vitória
65%
Acre Rio Branco
61%
Maranhão São Luís
60%
Amapá Macapá
58%
Mato Grosso Cuiabá
57%
Rondônia Porto Velho
57%
Mato Grosso do Sul Campo Grande
55%
Tocantins Palmas
55%
Paraíba João Pessoa
52%
Alagoas Maceió
52%
Piauí Teresina
50%
Sergipe Aracaju
47%
Roraima Boa Vista
43%
No matching quizzes found
Score Distribution
Percent of People with Each Score
Percentile by Number Answered
Your Score History
You have not taken this quiz